[Event "Barcelona Primavera CE op"]
[Site "Barcelona"]
[Date "2021.05.15"]
[Round "4"]
[White "Torres Julian, Marc"]
[Black "Mancha Cerezuela, Sergio"]
[Result "0-1"]
[WhiteElo "1699"]
[BlackElo "1822"]
[PlyCount "68"]
[EventDate "2021.04.24"]
[EventType "swiss"]
[EventRounds "9"]
[EventCountry "ESP"]
[SourceTitle "EXT 2022"]
[Source "ChessBase"]
[SourceDate "2021.10.06"]
[SourceVersion "1"]
[SourceVersionDate "2021.10.06"]
[SourceQuality "1"]

1. e4 e6 2. d3 d5 3. Nd2 Nf6 4. g3 dxe4 5. dxe4 Nbd7 6. Bg2 Nc5 7. e5 Nd5 8. Ngf3 Bd7 9. 0-0 Be7 10. a3 f5 11. c4 Nb6 12. Nd4 Ba4 13. Nxe6 Nxe6 14. b3 Bc6 15. Bxc6+ bxc6 16. Bb2 0-0 17. h3 f4 18. Qg4 Nc5 19. Rad1 fxg3 20. f4 Qd3 21. f5 Qe3+ 22. Kg2 Rad8 23. f6 Rxd2+ 24. Rxd2 Qxd2+ 25. Kxg3 Qe3+ 26. Kh2 Bxf6 27. exf6 Qd2+ 28. Kg3 Qd7 29. Qf3 Qd3 30. Be5 Ne4+ 31. Kf4 Qxf3+ 32. Rxf3 Nxf6 33. Kg3 Ne4+ 34. Kg4 h5+ 0-1

[Event "Barcelona Primavera CE op"]
[Site "Barcelona"]
[Date "2021.05.01"]
[Round "2"]
[White "Bernat, Ernest"]
[Black "Mancha Cerezuela, Sergio"]
[Result "1/2-1/2"]
[WhiteElo "1835"]
[BlackElo "1822"]
[PlyCount "34"]
[EventDate "2021.04.24"]
[EventType "swiss"]
[EventRounds "9"]
[EventCountry "ESP"]
[SourceTitle "EXT 2022"]
[Source "ChessBase"]
[SourceDate "2021.10.06"]
[SourceVersion "1"]
[SourceVersionDate "2021.10.06"]
[SourceQuality "1"]

1. e4 e6 2. d4 d5 3. Nd2 dxe4 4. Nxe4 Nd7 5. Nf3 Ngf6 6. Nxf6+ Nxf6 7. Bd3 c5 8. dxc5 Bxc5 9. 0-0 Qc7 10. Qe2 0-0 11. Bg5 Nd5 12. Bd2 b6 13. Be4 Bb7 14. c4 f5 15. Bb1 Nf4 16. Bxf4 Qxf4 17. Bc2 Rf6 1/2-1/2

[Event "Mem Vinas 15th A"]
[Site "Mataro"]
[Date "2019.06.22"]
[Round "7.9"]
[White "Mancha Cerezuela, Sergio"]
[Black "Garcia Payas, Alex"]
[Result "1/2-1/2"]
[WhiteElo "1539"]
[BlackElo "1832"]
[PlyCount "36"]
[EventDate "2019.05.04"]
[EventType "swiss"]
[EventRounds "8"]
[EventCountry "ESP"]
[SourceTitle "EXT 2024"]
[Source "ChessBase"]
[SourceDate "2023.10.10"]
[SourceVersion "1"]
[SourceVersionDate "2023.10.10"]
[SourceQuality "1"]

1. e4 e6 2. d4 d5 3. Nd2 Nf6 4. e5 Nfd7 5. Bd3 c5 6. c3 Nc6 7. Ne2 Be7 8. 0-0 0-0 9. Nf3 cxd4 10. cxd4 Nb4 11. Bb1 Nb6 12. a3 Nc6 13. Qd3 g6 14. Qd2 Re8 15. Qh6 Bf8 16. Qh3 Be7 17. Qh6 Bf8 18. Qh3 Be7 1/2-1/2

[Event "Maresme op 15th"]
[Site "Maresme"]
[Date "2018.09.29"]
[Round "1"]
[White "Mancha Cerezuela, Sergio"]
[Black "Santos Ramos, Carlos"]
[Result "0-1"]
[WhiteElo "1535"]
[BlackElo "1825"]
[PlyCount "110"]
[EventDate "2018.09.29"]
[EventType "swiss"]
[EventRounds "9"]
[EventCountry "ESP"]
[SourceTitle "EXT 2020"]
[Source "ChessBase"]
[SourceDate "2019.10.17"]
[SourceVersion "1"]
[SourceVersionDate "2019.10.17"]
[SourceQuality "1"]

1. e4 Nf6 2. e5 Nd5 3. c4 Nb6 4. d4 d6 5. Nf3 dxe5 6. Nxe5 N8d7 7. Bf4 e6 8. Be2 Bb4+ 9. Nc3 0-0 10. 0-0 Nxe5 11. Bxe5 f6 12. Bg3 Bd6 13. Qd3 Bxg3 14. hxg3 c6 15. Rad1 Qe7 16. Rfe1 Rd8 17. Bg4 e5 18. Bf3 Qf7 19. d5 cxd5 20. cxd5 Bd7 21. Nb5 Bxb5 22. Qxb5 Rd6 23. Rd2 Rad8 24. Bd1 g6 25. Bb3 Kg7 26. a4 a6 27. Qc5 Qd7 28. a5 Rc8 29. Qe3 Nxd5 30. Qd3 Rc5 31. Red1 f5 32. Ba2 Kf6 33. b4 Rb5 34. Bc4 Rxb4 35. Bxd5 Rd4 36. Qb3 R6xd5 37. Rxd4 exd4 38. Qb6+ Qc6 39. Qb4 Qd7 40. f4 Kf7 41. Qc4 Kg7 42. Qb4 d3 43. Qc3+ Kh6 44. Kf2 Rd4 45. Ke3 Re4+ 46. Kf3 Qd4 47. Qxd3 Re3+ 48. Qxe3 Qxd1+ 49. Qe2 Qd5+ 50. Kf2 Qxa5 51. Qe8 Qc5+ 52. Kf3 Qc6+ 53. Qxc6 bxc6 54. Ke3 Kh5 55. Kd4 Kg4 0-1

[Event "Sant Adria de Besos op 2nd B"]
[Site "Sant Adria de Besos"]
[Date "2018.08.14"]
[Round "6.11"]
[White "Mancha Cerezuela, Sergio"]
[Black "Castellon Baeza, Jose Felipe"]
[Result "1/2-1/2"]
[WhiteElo "1442"]
[BlackElo "1836"]
[PlyCount "49"]
[EventDate "2018.08.10"]
[EventType "swiss"]
[EventRounds "9"]
[EventCountry "ESP"]
[SourceTitle "EXT 2024"]
[Source "ChessBase"]
[SourceDate "2023.10.10"]
[SourceVersion "1"]
[SourceVersionDate "2023.10.10"]
[SourceQuality "1"]

1. e4 d5 2. exd5 Nf6 3. Bb5+ Bd7 4. Be2 Nxd5 5. d4 e6 6. a3 g6 7. c4 Ne7 8. Nc3 Bg7 9. Nf3 0-0 10. 0-0 Bc6 11. Be3 b6 12. Qd2 Nf5 13. Rad1 Nxe3 14. fxe3 Nd7 15. Rf2 Qe7 16. Ne1 Nf6 17. Bf3 Bxf3 18. Rxf3 Rad8 19. Nc2 c5 20. Rff1 Bh6 21. Qe2 Bg7 22. Qf3 cxd4 23. exd4 a6 24. Nb4 Ra8 25. Ne4 1/2-1/2

[Event "Maresme op 14th"]
[Site "Maresme"]
[Date "2017.11.18"]
[Round "7"]
[White "Gomez Jorge, Felix"]
[Black "Mancha Cerezuela, Sergio"]
[Result "1/2-1/2"]
[WhiteElo "1641"]
[BlackElo "1508"]
[PlyCount "43"]
[EventDate "2017.09.30"]
[EventType "swiss"]
[EventRounds "9"]
[EventCountry "ESP"]
[SourceTitle "CBM 181 Extra"]
[Source "ChessBase"]
[SourceDate "2017.12.12"]
[SourceVersion "1"]
[SourceVersionDate "2017.12.12"]
[SourceQuality "1"]

1. d4 d5 2. c4 e6 3. Nc3 Nf6 4. cxd5 exd5 5. Bg5 Be7 6. e3 Nbd7 7. Bd3 b6 8. Nf3 Bb7 9. 0-0 Bd6 10. Nb5 Be7 11. Rc1 c6 12. Nc3 0-0 13. Bxf6 Nxf6 14. Ne5 c5 15. Ne2 Bd6 16. f4 Ne4 17. Nf3 Re8 18. Ne5 f6 19. Bxe4 Bxe5 20. fxe5 dxe4 21. Qb3+ c4 22. Qxc4+ 1/2-1/2

[Event "Mataro Vinas Memorial-B 13th"]
[Site "Mataro"]
[Date "2017.06.10"]
[Round "7.5"]
[White "Mancha Cerezuela, Sergio"]
[Black "Maza Navarro, Llorens"]
[Result "1-0"]
[WhiteElo "1430"]
[BlackElo "1546"]
[PlyCount "75"]
[EventDate "2017.04.22"]
[EventType "swiss"]
[EventRounds "8"]
[EventCountry "ESP"]
[SourceTitle "EXT 2024"]
[Source "ChessBase"]
[SourceDate "2023.10.10"]
[SourceVersion "1"]
[SourceVersionDate "2023.10.10"]
[SourceQuality "1"]

1. e4 c5 2. Nf3 d6 3. d4 cxd4 4. Nxd4 Nf6 5. Nc3 a6 6. Be2 Bd7 7. 0-0 Nc6 8. Be3 e6 9. Bf3 Be7 10. h3 0-0 11. Nde2 Ne5 12. Ng3 Bc6 13. Bd4 Nxf3+ 14. Qxf3 e5 15. Be3 d5 16. exd5 Nxd5 17. Nxd5 Qxd5 18. Qxd5 Bxd5 19. Rfd1 Bc6 20. Nf5 Bf6 21. Bc5 Rfd8 22. Be7 Bxe7 23. Nxe7+ Kf8 24. Nxc6 bxc6 25. f3 Ke7 26. Kf2 Rd5 27. Rxd5 cxd5 28. Rd1 Rd8 29. Rd3 Rc8 30. c3 Kd6 31. a3 Kc5 32. b4+ Kc4 33. Ke3 f5 34. g3 f4+ 35. gxf4 exf4+ 36. Kd2 Kb3 37. c4+ Kxc4 38. Rc3+ 1-0

[Event "Mataro Vinas Memorial-B 13th"]
[Site "Mataro"]
[Date "2017.05.27"]
[Round "5.2"]
[White "Soler Casado, Manuel"]
[Black "Mancha Cerezuela, Sergio"]
[Result "1-0"]
[WhiteElo "1645"]
[BlackElo "1430"]
[PlyCount "99"]
[EventDate "2017.04.22"]
[EventType "swiss"]
[EventRounds "8"]
[EventCountry "ESP"]
[SourceTitle "EXT 2024"]
[Source "ChessBase"]
[SourceDate "2023.10.10"]
[SourceVersion "1"]
[SourceVersionDate "2023.10.10"]
[SourceQuality "1"]

1. e4 e6 2. d4 d5 3. exd5 exd5 4. Nf3 c6 5. Bf4 Bg4 6. Be2 Bd6 7. Ne5 Bf5 8. Qd2 Nf6 9. 0-0 Qc7 10. Bg3 Nbd7 11. Nxd7 Nxd7 12. Qe3+ Be6 13. Bg4 0-0-0 14. Bxe6 fxe6 15. Qxe6 Bf4 16. Qg4 g5 17. Bxf4 gxf4 18. Nd2 Rhg8 19. Qh3 Rg7 20. f3 Rdg8 21. Rf2 Kb8 22. Re2 Qd6 23. Rae1 Qg6 24. c3 Kc7 25. Nb3 b6 26. Nc1 h6 27. a3 a5 28. Rd2 a4 29. Nd3 Re8 30. Kf2 Rxe1 31. Kxe1 Qe8+ 32. Re2 Re7 33. Nxf4 Rxe2+ 34. Nxe2 Qe3 35. Qg3+ Kb7 36. Qf4 Qxf4 37. Nxf4 Nf6 38. Kf2 Kc7 39. g4 Kd7 40. Nd3 Ke7 41. Kg3 Kf7 42. Ne5+ Kg7 43. Nxc6 Kg6 44. h4 b5 45. Na7 Nd7 46. Nxb5 Nb6 47. Nc7 Kf6 48. f4 Kg6 49. h5+ Kf6 50. Kh4 1-0

[Event "Mataro Vinas Memorial-B 13th"]
[Site "Mataro"]
[Date "2017.05.20"]
[Round "4.4"]
[White "Mancha Cerezuela, Sergio"]
[Black "Aragones Rubio, M Angel"]
[Result "1-0"]
[WhiteElo "1430"]
[BlackElo "1645"]
[PlyCount "87"]
[EventDate "2017.04.22"]
[EventType "swiss"]
[EventRounds "8"]
[EventCountry "ESP"]
[SourceTitle "EXT 2024"]
[Source "ChessBase"]
[SourceDate "2023.10.10"]
[SourceVersion "1"]
[SourceVersionDate "2023.10.10"]
[SourceQuality "1"]

1. e4 e5 2. Nf3 d5 3. exd5 e4 4. Ng1 Nf6 5. d3 Qxd5 6. Nc3 Bb4 7. Bd2 Bxc3 8. Bxc3 Bg4 9. f3 exf3 10. Nxf3 Nbd7 11. Be2 0-0 12. 0-0 Rae8 13. Nd4 Bxe2 14. Nxe2 Qe6 15. Ng3 Nd5 16. Nf5 Nxc3 17. bxc3 Qg6 18. Rb1 Re5 19. Qf3 b6 20. d4 Ree8 21. Rbe1 Qf6 22. Qg4 Rxe1 23. Rxe1 Nb8 24. Re3 Nc6 25. h4 Qg6 26. Qxg6 fxg6 27. Ne7+ Nxe7 28. Rxe7 Rc8 29. Kf2 a5 30. Ke3 Kf8 31. Rd7 Re8+ 32. Kf3 Re7 33. Rxe7 Kxe7 34. Ke4 c6 35. Ke5 h6 36. g4 h5 37. g5 a4 38. d5 cxd5 39. Kxd5 Kd7 40. a3 Ke7 41. c4 Kd7 42. c5 b5 43. c6+ Kc7 44. c3 1-0

[Event "Mataro op 12th"]
[Site "Mataro"]
[Date "2015.11.28"]
[Round "9.14"]
[White "Robert Sancho, Albert"]
[Black "Mancha Cerezuela, Sergio"]
[Result "1-0"]
[WhiteElo "1782"]
[BlackElo "1696"]
[PlyCount "121"]
[EventDate "2015.10.03"]
[EventType "swiss"]
[EventRounds "9"]
[EventCountry "ESP"]
[SourceTitle "EXT 2024"]
[Source "ChessBase"]
[SourceDate "2023.10.10"]
[SourceVersion "1"]
[SourceVersionDate "2023.10.10"]
[SourceQuality "1"]

1. e4 e5 2. Nf3 Nc6 3. Bc4 Bc5 4. Nc3 d6 5. h3 h6 6. Na4 b6 7. Nxc5 bxc5 8. a3 Nf6 9. d3 0-0 10. Be3 Qe7 11. 0-0 Be6 12. Bb5 Nd4 13. Ba4 d5 14. Nxe5 Qd6 15. f4 dxe4 16. c3 Nf5 17. Bf2 exd3 18. Nxd3 Bc4 19. Bxc5 Qxd3 20. Bxf8 Qxd1 21. Rfxd1 Rxf8 22. Bc6 Ne3 23. Rd2 Nfd5 24. Bxd5 Bxd5 25. g3 g5 26. f5 Rd8 27. g4 Nc4 28. Re2 Bf3 29. Re7 Rd3 30. Rxc7 Ne3 31. Kf2 Nc2 32. Rc1 Bd1 33. b4 Rd2+ 34. Kg3 Rd3+ 35. Kh2 Rd2+ 36. Kg1 Ne3 37. Re7 Rd3 38. Rxe3 Rxe3 39. Rxd1 Rxc3 40. a4 Rc4 41. Rb1 a5 42. b5 Rc7 43. Rd1 f6 44. Rd8+ Kf7 45. Ra8 Rc1+ 46. Kf2 Rc2+ 47. Ke1 Rc1+ 48. Kd2 Rc7 49. Rxa5 Rb7 50. Ra6 Ke8 51. b6 Kd7 52. Kc3 Kc6 53. Kb4 Rxb6+ 54. Rxb6+ Kxb6 55. Kc4 Ka5 56. Kd5 Kxa4 57. Ke6 Kb5 58. Kxf6 Kc6 59. Ke7 Kd5 60. f6 Ke5 61. f7 1-0

[Event "Mataro op 12th"]
[Site "Mataro"]
[Date "2015.11.21"]
[Round "8.13"]
[White "Garcia Pitarch, Raul"]
[Black "Mancha Cerezuela, Sergio"]
[Result "1-0"]
[WhiteElo "1750"]
[BlackElo "1696"]
[PlyCount "57"]
[EventDate "2015.10.03"]
[EventType "swiss"]
[EventRounds "9"]
[EventCountry "ESP"]
[SourceTitle "EXT 2024"]
[Source "ChessBase"]
[SourceDate "2023.10.10"]
[SourceVersion "1"]
[SourceVersionDate "2023.10.10"]
[SourceQuality "1"]

1. b3 e5 2. Bb2 Nc6 3. e3 Bc5 4. Nf3 e4 5. Bxg7 exf3 6. Bxh8 fxg2 7. Bxg2 Qg5 8. Qf3 Ne5 9. Bxe5 Qxe5 10. c3 d5 11. d4 Qe4 12. dxc5 Qc2 13. 0-0 Qb2 14. Qg3 Qxa1 15. Qxg8+ Ke7 16. Qg5+ f6 17. Qxd5 Qxa2 18. Qe4+ Kf7 19. Qxh7+ Ke6 20. Bh3+ Ke5 21. Qxc7+ Ke4 22. Bg2+ Kd3 23. Qd6+ Kc2 24. Qd2+ Kxb3 25. Bd5+ Ka4 26. Qxa2+ Kb5 27. Qc4+ Ka5 28. Nd2 b5 29. Ra1# 1-0

[Event "Mataro op 12th"]
[Site "Mataro"]
[Date "2015.11.14"]
[Round "7.13"]
[White "Mancha Cerezuela, Sergio"]
[Black "Molina Villen, Francisco"]
[Result "0-1"]
[WhiteElo "1696"]
[BlackElo "1780"]
[PlyCount "68"]
[EventDate "2015.10.03"]
[EventType "swiss"]
[EventRounds "9"]
[EventCountry "ESP"]
[SourceTitle "EXT 2024"]
[Source "ChessBase"]
[SourceDate "2023.10.10"]
[SourceVersion "1"]
[SourceVersionDate "2023.10.10"]
[SourceQuality "1"]

1. e4 d6 2. d4 e6 3. Nf3 h6 4. Nc3 a6 5. Bd3 Nc6 6. Qe2 Nb4 7. 0-0 Bd7 8. a3 Nxd3 9. Qxd3 Nf6 10. Re1 c6 11. e5 Ng8 12. Bf4 d5 13. Re2 Qc7 14. Rae1 0-0-0 15. b4 g5 16. Bg3 g4 17. Bh4 gxf3 18. Bxd8 Qxd8 19. Qxf3 f6 20. a4 f5 21. Rb1 Ne7 22. Ra1 Ng6 23. b5 a5 24. bxc6 Bxc6 25. Nb5 Rg8 26. Na7+ Kd7 27. Nxc6 bxc6 28. Qg3 f4 29. Qg4 Be7 30. f3 Nh4 31. Qh3 Qb6 32. c3 Nf5 33. Rd1 Ne3 34. Rdd2 Qb1+ 0-1